<?xml version="1.0" encoding="UTF-8"?>
<record
    xmlns:xsi="http://www.w3.org/2001/XMLSchema-instance"
    xsi:schemaLocation="http://www.loc.gov/MARC21/slim http://www.loc.gov/standards/marcxml/schema/MARC21slim.xsd"
    xmlns="http://www.loc.gov/MARC21/slim">

  <leader>00760cam a22002653a 4500</leader>
  <controlfield tag="001">1974</controlfield>
  <controlfield tag="003">PGUSA</controlfield>
  <controlfield tag="005">20230525153752.0</controlfield>
  <controlfield tag="008">991101s1999||||xxu|||||s|||||000 p eng d</controlfield>
  <datafield tag="040" ind1=" " ind2=" ">
    <subfield code="a">PGUSA</subfield>
    <subfield code="b">eng</subfield>
  </datafield>
  <datafield tag="042" ind1=" " ind2=" ">
    <subfield code="a">dc</subfield>
  </datafield>
  <datafield tag="050" ind1=" " ind2="4">
    <subfield code="a">PN</subfield>
  </datafield>
  <datafield tag="050" ind1=" " ind2="4">
    <subfield code="a">PA</subfield>
  </datafield>
  <datafield tag="100" ind1="1" ind2=" ">
    <subfield code="a">Butcher, S. H. </subfield>
    <subfield code="q"> (Samuel Henry),</subfield>
    <subfield code="d">1850-1910</subfield>
  </datafield>
  <datafield tag="240" ind1="1" ind2="0">
    <subfield code="a">Poetics. </subfield>
    <subfield code="l"> English</subfield>
  </datafield>
  <datafield tag="245" ind1="1" ind2="4">
    <subfield code="a">The Poetics of Aristotle</subfield>
    <subfield code="h">[electronic resource] /</subfield>
    <subfield code="c">S. H. Butcher</subfield>
  </datafield>
  <datafield tag="260" ind1=" " ind2=" ">
    <subfield code="b">Project Gutenberg,</subfield>
    <subfield code="c">1999</subfield>
  </datafield>
  <datafield tag="506" ind1=" " ind2=" ">
    <subfield code="a">Public domain in the USA.</subfield>
  </datafield>
  <datafield tag="516" ind1=" " ind2=" ">
    <subfield code="a">Text</subfield>
  </datafield>
  <datafield tag="653" ind1=" " ind2=" ">
    <subfield code="a">Poetry -- Early works to 1800</subfield>
  </datafield>
  <datafield tag="653" ind1=" " ind2=" ">
    <subfield code="a">Aesthetics -- Early works to 1800</subfield>
  </datafield>
  <datafield tag="740" ind1="0" ind2=" ">
    <subfield code="a">Poetics. English</subfield>
  </datafield>
  <datafield tag="830" ind1=" " ind2="0">
    <subfield code="a">Project Gutenberg</subfield>
    <subfield code="v">1974</subfield>
  </datafield>
  <datafield tag="856" ind1="4" ind2="0">
    <subfield code="u">http://www.gutenberg.org/ebooks/1974</subfield>
  </datafield>
  <datafield tag="952" ind1=" " ind2=" ">
    <subfield code="0">0</subfield>
    <subfield code="1">0</subfield>
    <subfield code="4">0</subfield>
    <subfield code="7">0</subfield>
    <subfield code="8">Project Gutenberg</subfield>
    <subfield code="a">CSPC</subfield>
    <subfield code="b">CSPC</subfield>
    <subfield code="d">2023-05-25</subfield>
    <subfield code="l">0</subfield>
    <subfield code="o">PN</subfield>
    <subfield code="r">2023-05-25 00:00:00</subfield>
    <subfield code="u">http://www.gutenberg.org/ebooks/1974</subfield>
    <subfield code="w">2023-05-25</subfield>
    <subfield code="y">EBK</subfield>
  </datafield>
  <datafield tag="999" ind1=" " ind2=" ">
    <subfield code="c">15322</subfield>
    <subfield code="d">15322</subfield>
  </datafield>
</record>
